Rangers FUT Players - Statistics

General Stats
  • This quiz has been taken 42 times
  • The average score is 188 of 483
Answer Stats
FIFA Nation P Player R % Correct
FIFA 25 England RB James Tavernier 78
100%
FIFA 24 England RB James Tavernier 78
100%
FIFA 23 England RB James Tavernier 78
100%
FIFA 22 England RB James Tavernier 77
100%
FIFA 21 England RB James Tavernier 75
100%
FIFA 20 England RB James Tavernier 75
100%
FIFA 19 England RB James Tavernier 74
100%
FIFA 18 England RB James Tavernier 70
100%
FIFA 17 England RB James Tavernier 69
100%
FIFA 15 England RB James Tavernier 65
100%
FIFA 25 England GK Jack Butland 77
97%
FIFA 24 England GK Jack Butland 71
97%
FIFA 25 Brazil ST Danilo 74
93%
FIFA 24 Brazil ST Danilo 74
93%
FIFA 25 Belgium CM Nicolas Raskin 75
93%
FIFA 24 Belgium CM Nicolas Raskin 75
93%
FIFA 23 Belgium CM Nicolas Raskin 70
93%
FIFA 25 Czech Republic RM Václav Černý 74
93%
FIFA 24 Czech Republic RW Václav Černý 76
93%
FIFA 25 Romania CAM Ianis Hagi 74
90%
FIFA 24 Romania CAM Ianis Hagi 73
90%
FIFA 23 Romania RW Ianis Hagi 73
90%
FIFA 22 Romania CF Ianis Hagi 74
90%
FIFA 21 Romania CAM Ianis Hagi 73
90%
FIFA 20 Romania CAM Ianis Hagi 74
90%
FIFA 25 Turkey LB Rıdvan Yılmaz 74
90%
FIFA 24 Turkey LB Rıdvan Yılmaz 74
90%
FIFA 23 Turkey LB Rıdvan Yılmaz 73
90%
FIFA 25 Nigeria ST Cyriel Dessers 73
86%
FIFA 24 Nigeria ST Cyriel Dessers 75
86%
FIFA 25 Scotland CB John Souttar 74
86%
FIFA 24 Scotland CB John Souttar 73
86%
FIFA 23 Scotland CB John Souttar 71
86%
FIFA 22 Scotland CB John Souttar 67
86%
FIFA 25 Ivory Coast CDM Mohamed Diomande 74
86%
FIFA 24 Ivory Coast CM Mohamed Diomande 70
86%
FIFA 15 England CM Nicky Law 62
86%
FIFA 14 England CM Nicky Law 63
86%
FIFA 25 Netherlands CB Robin Pröpper 76
83%
FIFA 24 Netherlands CB Robin Pröpper 75
83%
FIFA 25 Wales LM Rabbi Matondo 71
79%
FIFA 24 Wales LW Rabbi Matondo 71
79%
FIFA 23 Wales LW Rabbi Matondo 73
79%
FIFA 22 Wales LM Rabbi Matondo 69
79%
FIFA 25 Wales CAM Tom Lawrence 72
79%
FIFA 24 Wales CAM Tom Lawrence 73
79%
FIFA 23 Wales LW Tom Lawrence 72
79%
FIFA 22 Wales LM Tom Lawrence 71
79%
FIFA 25 Brazil LB Jefté 69
76%
FIFA 24 Brazil LB Jefté 64
76%
FIFA 25 England CAM Todd Cantwell 74
76%
FIFA 24 England CAM Todd Cantwell 75
76%
FIFA 23 England LM Todd Cantwell 74
76%
FIFA 25 Scotland GK Liam Kelly 66
72%
FIFA 24 Scotland GK Liam Kelly 67
72%
FIFA 18 Scotland GK Liam Kelly 58
72%
FIFA 15 Scotland GK Liam Kelly 47
72%
FIFA 25 Albania CAM Nedim Bajrami 74
72%
FIFA 22 Scotland CM Stephen Kelly 61
72%
FIFA 21 Scotland CM Stephen Kelly 60
72%
FIFA 25 Scotland CM Connor Barron 71
69%
FIFA 24 Scotland CM Connor Barron 65
69%
FIFA 24 England CB Connor Goldson 75
69%
FIFA 23 England CB Connor Goldson 75
69%
FIFA 22 England CB Connor Goldson 77
69%
FIFA 21 England CB Connor Goldson 72
69%
FIFA 20 England CB Connor Goldson 74
69%
FIFA 19 England CB Connor Goldson 72
69%
FIFA 18 England CB Connor Goldson 70
69%
FIFA 25 England LB Dujon Sterling 73
69%
FIFA 24 England RB Dujon Sterling 68
69%
FIFA 15 Scotland CB Kyle McAusland 56
69%
FIFA 14 Scotland CB Kyle McAusland 56
69%
FIFA 13 Scotland CB Kyle McAusland 56
69%
FIFA 25 Colombia LM Óscar Cortés 70
69%
FIFA 24 Colombia RW Óscar Cortés 68
69%
FIFA 23 Scotland ST Alfredo Morelos 76
66%
FIFA 22 Colombia ST Alfredo Morelos 76
66%
FIFA 21 Colombia ST Alfredo Morelos 75
66%
FIFA 20 Colombia ST Alfredo Morelos 75
66%
FIFA 19 Colombia ST Alfredo Morelos 73
66%
FIFA 18 Colombia ST Alfredo Morelos 71
66%
FIFA 18 Colombia ST Alfredo Morelos 66
66%
FIFA 17 Colombia ST Alfredo Morelos 65
66%
FIFA 23 Scotland GK Allan McGregor 74
66%
FIFA 22 Scotland GK Allan McGregor 77
66%
FIFA 21 Scotland GK Allan McGregor 74
66%
FIFA 20 Scotland GK Allan McGregor 75
66%
FIFA 19 Scotland GK Allan McGregor 73
66%
FIFA 18 Scotland GK Allan McGregor 74
66%
FIFA 12 Scotland GK Allan McGregor 76
66%
FIFA 11 Scotland GK Allan McGregor 78
66%
FIFA 10 Scotland GK Allan McGregor 78
66%
FIFA 15 Scotland CB Darren McGregor 61
66%
FIFA 23 England LW Ryan Kent 76
66%
FIFA 22 England CF Ryan Kent 76
66%
FIFA 21 England LW Ryan Kent 72
66%
FIFA 20 England LW Ryan Kent 73
66%
FIFA 19 England LM Ryan Kent 69
66%
FIFA 18 England LM Ryan Kent 69
66%
FIFA 25 England CAM Kieran Dowell 71
62%
FIFA 24 England CAM Kieran Dowell 72
62%
FIFA 25 Nigeria CB Leon Balogun 73
62%
FIFA 24 Nigeria CB Leon Balogun 71
62%
FIFA 22 Nigeria CB Leon Balogun 74
62%
FIFA 21 Nigeria CB Leon Balogun 73
62%
FIFA 20 Nigeria CB Leon Balogun 74
62%
FIFA 24 Scotland CM Ryan Jack 74
62%
FIFA 23 Scotland CM Ryan Jack 74
62%
FIFA 22 Scotland CM Ryan Jack 75
62%
FIFA 21 Scotland CM Ryan Jack 74
62%
FIFA 20 Scotland CDM Ryan Jack 74
62%
FIFA 19 Scotland CDM Ryan Jack 74
62%
FIFA 18 Scotland CDM Ryan Jack 72
62%
FIFA 17 Scotland CDM Ryan Jack 70
62%
FIFA 24 Jamaica ST Kemar Roofe 73
59%
FIFA 23 Jamaica ST Kemar Roofe 73
59%
FIFA 22 Jamaica CF Kemar Roofe 74
59%
FIFA 21 Jamaica ST Kemar Roofe 72
59%
FIFA 20 Jamaica ST Kemar Roofe 74
59%
FIFA 25 Scotland CDM Bailey Rice 59
55%
FIFA 23 Zambia ST Fashion Sakala 71
55%
FIFA 22 Zambia ST Fashion Sakala 73
55%
FIFA 21 Zambia LW Fashion Sakala 68
55%
FIFA 24 Finland CM Glen Kamara 73
55%
FIFA 23 Finland CM Glen Kamara 75
55%
FIFA 22 Finland CM Glen Kamara 75
55%
FIFA 21 Finland CM Glen Kamara 69
55%
FIFA 20 Finland CM Glen Kamara 70
55%
FIFA 19 Finland CM Glen Kamara 67
55%
FIFA 22 Nigeria CM Joe Aribo 73
55%
FIFA 21 Nigeria CM Joe Aribo 70
55%
FIFA 20 England CM Joe Aribo 69
55%
FIFA 20 Nigeria CM Joe Aribo 69
55%
FIFA 25 Scotland RM Scott Wright 69
55%
FIFA 24 Scotland RW Scott Wright 70
55%
FIFA 23 Scotland RW Scott Wright 70
55%
FIFA 22 Scotland LM Scott Wright 67
55%
FIFA 21 Scotland LM Scott Wright 63
55%
FIFA 23 Northern Ireland CM Steven Davis 73
55%
FIFA 22 Northern Ireland CM Steven Davis 76
55%
FIFA 21 Northern Ireland CM Steven Davis 72
55%
FIFA 20 Northern Ireland CM Steven Davis 74
55%
FIFA 19 Northern Ireland CM Steven Davis 74
55%
FIFA 12 Northern Ireland CM Steven Davis 75
55%
FIFA 11 Northern Ireland CM Steven Davis 79
55%
FIFA 10 Northern Ireland CM Steven Davis 79
55%
FIFA 22 Wales CM Aaron Ramsey 80
52%
FIFA 24 Senegal ST Abdallah Sima 71
52%
FIFA 24 Croatia LB Borna Barišić 73
52%
FIFA 23 Croatia LB Borna Barišić 73
52%
FIFA 22 Croatia LB Borna Barišić 75
52%
FIFA 21 Croatia LB Borna Barišić 73
52%
FIFA 20 Croatia LB Borna Barišić 71
52%
FIFA 22 England LB Calvin Bassey 65
52%
FIFA 21 England LB Calvin Ughelumba 62
52%
FIFA 25 France CB Clinton Nsiala 61
52%
FIFA 23 United States CB James Sands 68
52%
FIFA 22 United States CDM James Sands 70
52%
FIFA 24 England CM John Lundstram 73
52%
FIFA 23 England CM John Lundstram 75
52%
FIFA 22 England CM John Lundstram 72
52%
FIFA 21 England CM John Lundstram 76
52%
FIFA 25 Northern Ireland RM Ross McCausland 67
52%
FIFA 23 Canada CM Scott Arfield 71
52%
FIFA 22 Canada CM Scott Arfield 73
52%
FIFA 21 Canada CM Scott Arfield 71
52%
FIFA 20 Canada CM Scott Arfield 74
52%
FIFA 19 Canada LM Scott Arfield 73
52%
FIFA 18 Canada LM Scott Arfield 72
52%
FIFA 20 Wales CM Andy King 69
48%
FIFA 24 England CB Ben Davies 73
48%
FIFA 23 England CB Ben Davies 73
48%
FIFA 18 Wales LB Declan John 69
48%
FIFA 22 England ST Jermain Defoe 68
48%
FIFA 21 England ST Jermain Defoe 74
48%
FIFA 20 England ST Jermain Defoe 76
48%
FIFA 19 England ST Jermain Defoe 77
48%
FIFA 25 Scotland CB Leon King 66
48%
FIFA 24 Scotland CB Leon King 66
48%
FIFA 23 Scotland CB Leon King 56
48%
FIFA 18 Portugal CB Bruno Alves 78
45%
FIFA 17 Portugal CB Bruno Alves 79
45%
FIFA 24 Ecuador CM José Cifuentes 72
45%
FIFA 19 Northern Ireland ST Kyle Lafferty 72
45%
FIFA 12 Northern Ireland ST Kyle Lafferty 71
45%
FIFA 11 Northern Ireland ST Kyle Lafferty 68
45%
FIFA 10 Northern Ireland ST Kyle Lafferty 68
45%
FIFA 25 England ST Zak Lovelace 58
45%
FIFA 25 Scotland RB Adam Devine 62
41%
FIFA 24 Scotland RB Adam Devine 60
41%
FIFA 25 Scotland CAM Alex Lowry 65
41%
FIFA 24 Scotland CAM Alex Lowry 64
41%
FIFA 23 Croatia ST Antonio Čolak 72
41%
FIFA 22 Croatia ST Antonio Čolak 72
41%
FIFA 20 Mexico ST Eduardo Herrera 68
41%
FIFA 18 Mexico ST Eduardo Herrera 71
41%
FIFA 17 Mexico ST Eduardo Herrera 72
41%
FIFA 23 Sweden CB Filip Helander 72
41%
FIFA 22 Sweden CB Filip Helander 74
41%
FIFA 21 Sweden CB Filip Helander 72
41%
FIFA 20 Sweden CB Filip Helander 74
41%
FIFA 25 Netherlands CB Neraysho Kasanwirjo 68
41%
FIFA 20 England GK Wes Foderingham 72
41%
FIFA 19 England GK Wes Foderingham 72
41%
FIFA 18 England GK Wes Foderingham 72
41%
FIFA 17 England GK Wes Foderingham 68
41%
FIFA 24 Portugal ST Fábio Silva 73
38%
FIFA 24 Scotland GK Jon McLaughlin 69
38%
FIFA 23 Scotland GK Jon McLaughlin 70
38%
FIFA 22 Scotland GK Jon McLaughlin 69
38%
FIFA 21 Scotland GK Jon McLaughlin 68
38%
FIFA 20 Scotland GK Jon McLaughlin 71
38%
FIFA 18 Scotland ST Kenny Miller 72
38%
FIFA 17 Scotland ST Kenny Miller 67
38%
FIFA 15 Scotland ST Kenny Miller 66
38%
FIFA 14 Scotland ST Kenny Miller 69
38%
FIFA 11 Scotland ST Kenny Miller 78
38%
FIFA 10 Scotland ST Kenny Miller 76
38%
FIFA 15 Scotland ST Kris Boyd 71
38%
FIFA 14 Scotland ST Kris Boyd 68
38%
FIFA 10 Scotland ST Kris Boyd 75
38%
FIFA 22 Croatia CB Nikola Katić 70
38%
FIFA 21 Croatia CB Nikola Katić 70
38%
FIFA 20 Croatia CB Nikola Katić 71
38%
FIFA 25 Scotland LB Robbie Fraser 57
38%
FIFA 24 Netherlands CF Sam Lammers 71
38%
FIFA 19 Mexico CAM Carlos Peña 69
34%
FIFA 18 Mexico CM Carlos Peña 71
34%
FIFA 17 Mexico CM Carlos Peña 72
34%
FIFA 22 Switzerland ST Cedric Itten 71
34%
FIFA 21 Switzerland ST Cedric Itten 72
34%
FIFA 20 Switzerland ST Cedric Itten 66
34%
FIFA 19 Portugal RM Daniel Candeias 74
34%
FIFA 18 Portugal RM Daniel Candeias 73
34%
FIFA 17 Portugal RM Daniel Candeias 71
34%
FIFA 22 Curaçao CM Juninho Bacuna 70
34%
FIFA 10 Spain CF Nacho Novo 73
34%
FIFA 18 Portugal CB Fábio Cardoso 74
31%
FIFA 17 Portugal CB Fábio Cardoso 72
31%
FIFA 21 Northern Ireland LM Jordan Jones 71
31%
FIFA 20 Northern Ireland LM Jordan Jones 72
31%
FIFA 15 Scotland CM Kyle Hutton 56
31%
FIFA 14 Scotland CM Kyle Hutton 56
31%
FIFA 13 Scotland CM Kyle Hutton 61
31%
FIFA 19 Scotland LB Lee Wallace 69
31%
FIFA 18 Scotland LB Lee Wallace 72
31%
FIFA 17 Scotland LB Lee Wallace 73
31%
FIFA 15 Scotland LB Lee Wallace 65
31%
FIFA 14 Scotland LB Lee Wallace 65
31%
FIFA 13 Scotland LB Lee Wallace 73
31%
FIFA 12 Scotland LB Lee Wallace 74
31%
FIFA 11 Algeria CB Madjid Bougherra 79
31%
FIFA 10 Algeria CB Madjid Bougherra 76
31%
FIFA 23 United States ST Malik Tillman 64
31%
FIFA 24 Scotland GK Robby McCrorie 65
31%
FIFA 22 Scotland GK Robby McCrorie 63
31%
FIFA 21 Scotland GK Robby McCrorie 63
31%
FIFA 20 Scotland CDM Ross McCrorie 68
31%
FIFA 22 Ivory Coast RM Amad Diallo 68
28%
FIFA 17 Scotland LW Barrie McKay 66
28%
FIFA 15 Scotland CAM Barrie McKay 57
28%
FIFA 14 Scotland CAM Barrie McKay 58
28%
FIFA 13 Scotland CAM Barrie McKay 53
28%
FIFA 21 South Africa CDM Bongani Zungu 72
28%
FIFA 25 Scotland CM Cole McKinnon 57
28%
FIFA 17 England CM Joey Barton 76
28%
FIFA 22 Scotland RB Nathan Patterson 66
28%
FIFA 10 Portugal CM Pedro Mendes 78
28%
FIFA 15 Northern Ireland LM Shane Ferguson 65
28%
FIFA 12 Scotland RB Steven Whittaker 71
28%
FIFA 11 Scotland RB Steven Whittaker 76
28%
FIFA 10 Scotland RB Steven Whittaker 77
28%
FIFA 20 Scotland LB Andy Halliday 68
24%
FIFA 19 Scotland CDM Andy Halliday 65
24%
FIFA 17 Scotland CM Andy Halliday 67
24%
FIFA 15 Scotland LB Andy Halliday 62
24%
FIFA 11 Scotland CB David Weir 71
24%
FIFA 10 Scotland CB David Weir 68
24%
FIFA 15 Scotland CM Ian Black 60
24%
FIFA 14 Scotland CM Ian Black 59
24%
FIFA 13 Scotland CM Ian Black 66
24%
FIFA 19 England CDM Jordan Rossiter 67
24%
FIFA 18 England CDM Jordan Rossiter 68
24%
FIFA 17 England CDM Jordan Rossiter 67
24%
FIFA 19 Mali CM Lassana Coulibaly 69
24%
FIFA 18 Mali CM Lassana Coulibaly 71
24%
FIFA 12 United States CM Maurice Edu 66
24%
FIFA 11 United States CM Maurice Edu 73
24%
FIFA 10 United States CM Maurice Edu 73
24%
FIFA 12 Croatia ST Nikica Jelavić 76
24%
FIFA 11 Croatia ST Nikica Jelavić 73
24%
FIFA 17 Switzerland CB Philippe Senderos 72
24%
FIFA 12 Bosnia LB Saša Papac 72
24%
FIFA 11 Bosnia LB Saša Papac 74
24%
FIFA 10 Bosnia LB Saša Papac 73
24%
FIFA 12 Scotland CF Steven Naismith 75
24%
FIFA 11 Scotland CF Steven Naismith 72
24%
FIFA 10 Scotland CF Steven Naismith 73
24%
FIFA 15 Scotland LB Steven Smith 60
24%
FIFA 14 Scotland LB Steven Smith 61
24%
FIFA 10 Scotland LWB Steven Smith 68
24%
FIFA 18 Scotland CB Danny Wilson 69
21%
FIFA 17 Scotland CB Danny Wilson 66
21%
FIFA 10 Scotland CB Danny Wilson 57
21%
FIFA 12 Northern Ireland ST David Healy 69
21%
FIFA 17 Canada RB Fraser Aird 66
21%
FIFA 15 Canada RM Fraser Aird 60
21%
FIFA 14 Scotland LW Fraser Aird 57
21%
FIFA 19 Scotland CM Graham Dorrans 71
21%
FIFA 18 Scotland CM Graham Dorrans 73
21%
FIFA 17 Scotland CM Graham Dorrans 74
21%
FIFA 17 England CAM Harry Forrester 67
21%
FIFA 20 Scotland LW Jamie Murphy 71
21%
FIFA 19 Scotland LM Jamie Murphy 73
21%
FIFA 18 Scotland LM Jamie Murphy 69
21%
FIFA 18 Scotland CM Jason Holt 67
21%
FIFA 17 Scotland CM Jason Holt 67
21%
FIFA 18 Ghana ST Joe Dodoo 66
21%
FIFA 17 Ghana RW Joe Dodoo 62
21%
FIFA 20 England LB Jon Flanagan 67
21%
FIFA 19 England RB Jon Flanagan 69
21%
FIFA 18 England LM Josh Windass 68
21%
FIFA 17 England CAM Josh Windass 65
21%
FIFA 15 Scotland CB Lee McCulloch 63
21%
FIFA 14 Scotland CB Lee McCulloch 62
21%
FIFA 13 Scotland CM Lee McCulloch 68
21%
FIFA 12 Scotland CDM Lee McCulloch 70
21%
FIFA 11 Scotland CDM Lee McCulloch 69
21%
FIFA 10 Scotland CDM Lee McCulloch 74
21%
FIFA 18 Croatia CM Niko Kranjčar 71
21%
FIFA 17 Croatia CM Niko Kranjčar 75
21%
FIFA 17 Croatia CM Niko Kranjčar 70
21%
FIFA 20 England RW Sheyi Ojo 67
21%
FIFA 15 Tunisia CB Bilel Mohsni 62
17%
FIFA 14 Tunisia CB Bilel Mohsni 61
17%
FIFA 22 England LW Brandon Barker 67
17%
FIFA 21 England LM Brandon Barker 67
17%
FIFA 20 England LM Brandon Barker 67
17%
FIFA 15 Scotland GK Cammy Bell 63
17%
FIFA 14 Scotland GK Cammy Bell 63
17%
FIFA 12 United States CB Carlos Bocanegra 73
17%
FIFA 17 England CB Clint Hill 73
17%
FIFA 18 Portugal RM Dálcio 67
17%
FIFA 18 Scotland CB David Bates 59
17%
FIFA 17 Scotland CB David Bates 49
17%
FIFA 15 Scotland LM David Templeton 64
17%
FIFA 14 Scotland LM David Templeton 65
17%
FIFA 13 Spain ST Francisco Sandaza 69
17%
FIFA 21 Scotland CF Greg Stewart 68
17%
FIFA 20 Scotland ST Greg Stewart 67
17%
FIFA 15 Ireland ST Jon Daly 62
17%
FIFA 14 Ireland ST Jon Daly 62
17%
FIFA 17 England ST Martyn Waghorn 70
17%
FIFA 15 England ST Martyn Waghorn 65
17%
FIFA 17 Scotland GK Matt Gilks 70
17%
FIFA 20 United States RB Matt Polster 67
17%
FIFA 19 United States RB Matt Polster 68
17%
FIFA 19 Malta LB Myles Beerman 62
17%
FIFA 18 Malta LB Myles Beerman 63
17%
FIFA 13 Scotland GK Neil Alexander 70
17%
FIFA 12 Scotland GK Neil Alexander 71
17%
FIFA 11 Scotland GK Neil Alexander 73
17%
FIFA 10 Scotland GK Neil Alexander 76
17%
FIFA 15 Scotland RB Richard Foster 59
17%
FIFA 14 Scotland RB Richard Foster 59
17%
FIFA 11 Scotland RB Richard Foster 63
17%
FIFA 15 France RB Sébastien Faure 52
17%
FIFA 14 France RB Sébastien Faure 53
17%
FIFA 13 France CB Sébastien Faure 63
17%
FIFA 19 Finland RM Serge Atakayi 60
17%
FIFA 18 Finland RM Serge Atakayi 60
17%
FIFA 11 Slovakia RW Vladimír Weiss 76
17%
FIFA 14 Northern Ireland ST Andrew Little 61
14%
FIFA 13 Northern Ireland CF Andrew Little 59
14%
FIFA 11 Northern Ireland CF Andrew Little 58
14%
FIFA 10 Northern Ireland CF Andrew Little 59
14%
FIFA 15 Honduras CDM Arnold Peralta 61
14%
FIFA 14 Northern Ireland CB Chris Hegarty 50
14%
FIFA 13 Northern Ireland CB Chris Hegarty 50
14%
FIFA 10 United States LM DaMarcus Beasley 71
14%
FIFA 15 Northern Ireland CAM Dean Shiels 60
14%
FIFA 14 Northern Ireland CAM Dean Shiels 61
14%
FIFA 13 Northern Ireland CAM Dean Shiels 71
14%
FIFA 12 Romania CB Dorin Goian 71
14%
FIFA 17 United States CM Emerson Hyndman 65
14%
FIFA 14 Brazil CB Emílson Cribari 55
14%
FIFA 13 Brazil CB Emílson Cribari 68
14%
FIFA 20 Albania LW Eros Grezda 66
14%
FIFA 20 Switzerland ST Florian Kamberi 70
14%
FIFA 15 Germany CM Gedion Zelalem 62
14%
FIFA 22 Scotland LW Glenn Middleton 64
14%
FIFA 21 Scotland LM Glenn Middleton 64
14%
FIFA 20 Scotland LM Glenn Middleton 64
14%
FIFA 19 Scotland LM Glenn Middleton 61
14%
FIFA 18 Scotland LM Glenn Middleton 58
14%
FIFA 12 Scotland GK Grant Adam 47
14%
FIFA 15 Slovenia CAM Haris Vučkić 65
14%
FIFA 22 England CB Jack Simpson 68
14%
FIFA 21 England CB Jack Simpson 66
14%
FIFA 19 England GK Jak Alnwick 67
14%
FIFA 18 England GK Jak Alnwick 68
14%
FIFA 17 England GK Jak Alnwick 66
14%
FIFA 11 England ST James Beattie 70
14%
FIFA 18 Scotland ST Jason Cummings 67
14%
FIFA 17 England ST Joe Garner 70
14%
FIFA 17 Spain CAM Jon Toral 71
14%
FIFA 13 Scotland ST Kevin Kyle 64
14%
FIFA 10 Scotland CDM Kevin Thomson 77
14%
FIFA 12 England CB Kyle Bartley 68
14%
FIFA 17 England CDM Matt Crooks 63
14%
FIFA 18 Scotland RM Michael O'Halloran 66
14%
FIFA 17 Scotland RW Michael O'Halloran 69
14%
FIFA 22 Nigeria CDM Nnamdi Ofoborh 65
14%
FIFA 21 Nigeria CDM Nnamdi Ofoborh 65
14%
FIFA 19 England CM Ovie Ejaria 67
14%
FIFA 19 Nigeria ST Umar Sadiq 68
14%
FIFA 18 France RM Aaron Nemane 60
10%
FIFA 11 Scotland CM Andrew Shinnie 49
10%
FIFA 10 Scotland CF Andrew Shinnie 49
10%
FIFA 15 Scotland CB Craig Halkett 48
10%
FIFA 15 England CM Gaël Bigirimana 63
10%
FIFA 21 England CB George Edmundson 66
10%
FIFA 20 England CB George Edmundson 62
10%
FIFA 19 England CB George Edmundson 58
10%
FIFA 20 Scotland CM Greg Docherty 67
10%
FIFA 18 Scotland CM Greg Docherty 58
10%
FIFA 12 Scotland CM Jamie Ness 68
10%
FIFA 11 Scotland CM Jamie Ness 45
10%
FIFA 10 Scotland CM Jamie Ness 46
10%
FIFA 19 England CB Joe Worrall 70
10%
FIFA 12 Spain RM Juanma Ortiz 68
10%
FIFA 13 Poland CDM Kamil Wiktorski 51
10%
FIFA 12 Scotland RB Kirk Broadfoot 67
10%
FIFA 11 Scotland RB Kirk Broadfoot 68
10%
FIFA 10 Scotland RB Kirk Broadfoot 68
10%
FIFA 18 Northern Ireland RB Lee Hodson 66
10%
FIFA 17 Northern Ireland RB Lee Hodson 67
10%
FIFA 15 Scotland CM Lewis Macleod 57
10%
FIFA 14 Scotland CM Lewis Macleod 57
10%
FIFA 15 Canada CB Luca Gasparotto 49
10%
FIFA 15 Lithuania CB Marius Žaliūkas 67
10%
FIFA 22 Poland RM Mateusz Żukowski 58
10%
FIFA 15 Scotland ST Nicky Clark 58
10%
FIFA 17 Ireland CB Rob Kiernan 68
10%
FIFA 18 Scotland CB Russell Martin 72
10%
FIFA 12 France LM Salim Kerkar 61
10%
FIFA 13 Scotland GK Scott Gallacher 57
10%
FIFA 12 Scotland GK Scott Gallacher 57
10%
FIFA 18 England CM Sean Goss 62
10%
FIFA 15 England GK Steve Simonsen 63
10%
FIFA 13 Northern Ireland RM Andrew Mitchell 57
7%
FIFA 11 Scotland CB Andy Webster 72
7%
FIFA 14 Greece RB Anestis Argyriou 56
7%
FIFA 13 Greece RB Anestis Argyriou 62
7%
FIFA 13 Scotland RB Darren Cole 54
7%
FIFA 12 Scotland RB Darren Cole 54
7%
FIFA 12 Scotland LM Gregg Wylde 69
7%
FIFA 11 Scotland LM Gregg Wylde 54
7%
FIFA 10 Scotland LM Gregg Wylde 49
7%
FIFA 21 Scotland RW Jake Hastie 65
7%
FIFA 20 Scotland RW Jake Hastie 66
7%
FIFA 19 Scotland CM Jamie Barjonas 57
7%
FIFA 18 Scotland CM Jamie Barjonas 55
7%
FIFA 10 France LW Jérôme Rothen 76
7%
FIFA 11 Scotland LM John Fleck 68
7%
FIFA 10 Scotland CM John Fleck 68
7%
FIFA 12 Scotland RB Jordan McMillan 53
7%
FIFA 11 Scotland RB Jordan McMillan 51
7%
FIFA 22 Scotland LM Josh McPake 60
7%
FIFA 13 England ST Kane Hemmings 58
7%
FIFA 15 Scotland CM Robbie Crawford 55
7%
FIFA 14 Scotland CM Robbie Crawford 55
7%
FIFA 11 Scotland CF Rory Loy 55
7%
FIFA 14 Scotland CB Ross Perry 53
7%
FIFA 13 Scotland CB Ross Perry 61
7%
FIFA 12 Scotland CB Ross Perry 53
7%
FIFA 18 Scotland ST Ryan Hardie 61
7%
FIFA 17 Scotland RB Ryan Sinnamon 51
7%
FIFA 10 Scotland CM Paul Emslie 50
3%
FIFA 10 Scotland CM Steven Kinniburgh 51
3%
FIFA 10 Scotland CM Steven Lennon 58
3%
FIFA 12 Norway CAM Thomas Bendiksen 51
3%
No matching quizzes found
Score Distribution
Percent of People with Each Score
Percentile by Number Answered
Your Score History
You have not taken this quiz